<?xml version="1.0" encoding="UTF-8"?>
<marc:record xmlns:marc="http://www.loc.gov/MARC21/slim">
   <marc:leader>00000nam a2200000 a 4500</marc:leader>
   <marc:datafield ind1="1" ind2=" " tag="100">
      <marc:subfield code="a">Jakobs, Hans-Josef</marc:subfield>
      <marc:subfield code="4">aut</marc:subfield>
      <marc:subfield code="e">Verfasser/-in</marc:subfield>
   </marc:datafield>
   <marc:datafield ind1=" " ind2=" " tag="653">
      <marc:subfield code="a">Bach</marc:subfield>
   </marc:datafield>
   <marc:datafield ind1=" " ind2=" " tag="653">
      <marc:subfield code="a">Johann Sebastian</marc:subfield>
   </marc:datafield>
   <marc:datafield ind1=" " ind2=" " tag="653">
      <marc:subfield code="a">Gedenkstätte</marc:subfield>
   </marc:datafield>
   <marc:datafield ind1=" " ind2=" " tag="653">
      <marc:subfield code="a">Softcover / Belletristik/Zweisprachige Ausgaben</marc:subfield>
   </marc:datafield>
   <marc:datafield ind1=" " ind2=" " tag="653">
      <marc:subfield code="a">Führer</marc:subfield>
   </marc:datafield>
   <marc:datafield ind1="0" ind2="0" tag="245">
      <marc:subfield code="a">Mit Johann Sebastian Bach unterwegs</marc:subfield>
   </marc:datafield>
   <marc:datafield ind1="0" ind2="0" tag="245">
      <marc:subfield code="b">ein biografischer Reiseführer</marc:subfield>
   </marc:datafield>
   <marc:datafield ind1="0" ind2="0" tag="245">
      <marc:subfield code="c">Hans-Josef Jakobs</marc:subfield>
   </marc:datafield>
   <marc:datafield ind1=" " ind2="1" tag="264">
      <marc:subfield code="a">Holzgerlingen</marc:subfield>
      <marc:subfield code="b">SCM Hänssler</marc:subfield>
      <marc:subfield code="c">2010</marc:subfield>
   </marc:datafield>
   <marc:datafield ind1="1" ind2=" " tag="520">
      <marc:subfield code="a">Angaben aus der Verlagsmeldung

Mit Johann Sebastian Bach unterwegs / von Hans-Josef Jakobs

"Soli Deo Gloria", so schrieb Johann Sebastian Bach unter seine Werke: "Allein Gott die Ehre".
Dieser Reiseführer macht das bewegte Leben von Bach lebendig: wie aus dem ärmlichen Sohn eines
Stadtpfeifers der berühmteste Kirchenmusiker wird. Von Eisenach über Arnstadt bis Leipzig: An vielen
Stätten entdeckt der Leser die Spuren von Bach und seiner Zeit. Zahlreiche Farbfotos, Stadtpläne und
Adressen machen das Büchlein zu einem idealen Begleiter für unterwegs, und auch eine "Reise" vom
Lesesessel aus ist eine Genuss. Plus kostenfreier Download von drei musikalischen Bach-Highlights –
dirigiert von Helmuth Rilling.
</marc:subfield>
   </marc:datafield>
   <marc:datafield ind1=" " ind2=" " tag="020">
      <marc:subfield code="a">9783775150835</marc:subfield>
      <marc:subfield code="9">9783775150835</marc:subfield>
   </marc:datafield>
   <marc:datafield ind1=" " ind2=" " tag="041">
      <marc:subfield code="a">ger</marc:subfield>
   </marc:datafield>
   <marc:datafield ind1=" " ind2=" " tag="300">
      <marc:subfield code="a">VIII, 157 S.</marc:subfield>
   </marc:datafield>
</marc:record>
